| 000 | 01593nam a2200313 c 4500 | ||
|---|---|---|---|
| 999 |
_c60029 _d60029 |
||
| 003 | BLK | ||
| 005 | 20221109121831.0 | ||
| 008 | 180408b bul|||||r ||||||| ||bul|| | ||
| 010 | _aKNG00064159000 | ||
| 040 | _aBLK | ||
| 041 |
_aBUL _cBUL |
||
| 080 |
_aПодемно-транспортно оборудване в цялост. Вж и 621.87; 625.08; 625.1/.5; 625.5; 629.1; 658.286.2 _b621.86 _x(075.8) _z621.86(075.8) |
||
| 080 |
_aСтроителни машини _b69.002.5 _x(075.8) _z69.002.5(075.8) |
||
| 100 | 1 |
_aМиленков, Светослав Йорданов _eпърви автор _9261241 |
|
| 139 |
_aМиленков, Светослав Йорданов _bМ 57 |
||
| 245 | 1 | 0 |
_aЕлектрозадвижване и автоматизация на подемно-транспортни и строителни машини _bУчебник за студентите от ВМЕИ В. И. Ленин - София _cСветослав Йорданов Миленков. |
| 257 | _aBGR | ||
| 260 |
_aСофия _bТехника _c1978 |
||
| 300 |
_a300 с. _bс черт. _c22 см |
||
| 380 | _a62 | ||
| 650 | 4 |
_aПодемно-транспортни машини - електрозадвижване и автоматизация _9289528 |
|
| 650 | 4 |
_aСтроителни машини _9261242 |
|
| 650 | 4 |
_aАвтоматизация - подемно-транспортни и строителни машини _9289529 |
|
| 852 | _aЦб 91529 | ||
| 856 | 4 |
_qpdf _i0.00 _ldisable |
|
| 856 | 4 |
_qpdf _i0.00 _ldisable |
|
| 942 |
_cKNG _n0 _s1 |
||
| 944 |
_aCR _c13.06.2004 _kЧиталня |
||
| 944 |
_aED _c27.08.2015 _kГеновева_Генчева |
||
| 944 |
_aED _c2022-11-09 _kХристина Везирева |
||
| 999 | _d60029 | ||